Normale Ansicht MARC-Ansicht ISBD

Ein Sommer voller Musik in den Frankfurter Parks. (Titelsatznr. 217371)

[ MARC ]
MARC-Details
000 -Satzkennung
Kontrollfeld mit fester Länge 00786nam a22001817a 4500
008 - Feld mit fester Länge zur physischen Beschreibung - Allgemeine Angaben
Kontrollfeld mit fester Länge 201130b ||||| |||| 00| 0 eng d
040 ## - Katalogisierungsquelle
Katalogisierungssprache ger
Übertragungsstelle DE-2950
Beschreibungsfestlegungen rda
Original-Katalogisierungsstelle DE-2950
041 ## - Sprachcode
Sprachcode des Textes/der Tonspur oder des separaten Titels ger
100 ## - Person oder Familie als 1. geistiger Schöpfer
Personenname Gutke, Thomas:
245 ## - Titel
Haupttitel Ein Sommer voller Musik in den Frankfurter Parks.
Titelzusatz Kultur: Das Stadtmarketing der Messe- und Veranstaltungs GmbH plant ab Mitte Juli eine Klassik-Konzert-Reihe in den Grünanlagen der Stadt. Der Eintritt ist frei /
Verantwortlichkeitsangabe Thomas Gutke
653 ## - Lokales Schlagwort
Nicht-normierter Term Frankfurt (Oder)
653 ## - Lokales Schlagwort
Nicht-normierter Term Brandenburgisches Staatsorchester
773 ## - Übergeordnete Einheit
Ort, Verlag und Erscheinungsjahr Frankfurt (Oder): Märkisches Verlags- und Druckhaus GmbH & Co KG
Verknüpfungsangaben 32. Jahrgang (2021) Nr. 124 vom 01.06.2021, S. 11
Titel Märkische Oderzeitung
942 ## - Zusätzliche Felder (Koha)
Koha-Medientyp Aufsätze
Exemplare
Ausgeschieden Verloren Beschädigt Nicht entleihbar Permanenter Standort Aktueller Standort Aufstellungsort Eingabedatum Anzahl Ausleihen Signatur Letzte Aktivität Preis gültig von Medientyp
        Stadtarchiv Frankfurt (Oder) | Archivbibliothek Stadtarchiv Frankfurt (Oder) | Archivbibliothek Magazin 11/06/2021   Z2 11/06/2021 11/06/2021 Aufsätze